000 00524nam a2200205Ia 4500
005 20260429112219.0
008 260429s9999||||xx |||||||||||||| ||und||
020 _a9789355240873
041 _aEnglish
082 _a539.6
_bCAR
100 _aCarter, Josef
245 0 _aFundamentals of molecular physics /
_cJosef Carter
250 _a1st ed.
260 _aJaipur :
_bOxford,
_c2024.
300 _aviii, 272 p.; hb
650 _a Modern physics
650 _a Molecular physics
650 _aPhysics
942 _cTB
999 _c52932
_d52932